[Event "74th ch-ESP Absoluto"]
[Site "Palma de Mallorca ESP"]
[Date "2009.09.30"]
[Round "5"]
[White "Del Rio de Angelis,S"]
[Black "Lopez Martinez,Josep"]
[Result "0-1"]
[WhiteElo "2559"]
[BlackElo "2570"]

1.d4 Nf6 2.c4 g6 3.Nc3 Bg7 4.e4 d6 5.Nf3 O-O 6.Be2 e5 7.O-O Nc6 8.d5 Ne7
9.Ne1 Nd7 10.Be3 f5 11.f3 f4 12.Bf2 g5 13.a4 a5 14.Nd3 b6 15.b4 axb4 16.Nb5 Nc5
17.Be1 g4 18.Bxb4 gxf3 19.Bxf3 c6 20.dxc6 Nxc6 21.Bc3 Be6 22.Nxc5 dxc5 23.Qxd8 Raxd8
24.Be2 Rd7 25.Rfd1 Nd4 26.Bxd4 exd4 27.Ra3 Ra8 28.Bd3 Be5 29.Kf2 Ra5 30.Be2 Rg7
31.Rc1 Kf7 32.Bd1 Ke7 33.Rd3 Rg8 34.Bb3 h5 35.Rb1 h4 36.Na3 Bd7 37.Bc2 Rg6
38.Rb5 Ra8 39.Bd1 Rag8 40.Bf3 h3 41.gxh3 Rh6 42.Bg2 Ra8 43.Rbb3 Rxa4 44.Bf1 Ra6
45.Nb1 Ra1 46.Nd2 Rc1 47.Rb2 b5 48.Nf3 bxc4 49.Ra3 Bc7 50.Rb7 Kd8 51.Raa7 Rc6
52.Ne5 Rxf1+ 53.Kxf1 Bxh3+ 54.Ke1 Bxe5 55.Rf7 Bc7 56.Ra8+ Bc8  0-1

[Event "74th ch-ESP Absoluto"]
[Site "Palma de Mallorca ESP"]
[Date "2009.10.01"]
[Round "6"]
[White "Veganzones Rojo,D"]
[Black "Garcia Garcia,R1"]
[Result "0-1"]
[WhiteElo "2100"]
[BlackElo "2278"]

1.d4 Nf6 2.c4 g6 3.Nc3 Bg7 4.e4 O-O 5.Nf3 d6 6.Be2 e5 7.O-O Nc6 8.d5 Ne7
9.Ne1 Kh8 10.Be3 Neg8 11.Qd2 Ng4 12.Bxg4 Bxg4 13.c5 f5 14.f3 f4 15.Bf2 Bd7
16.a4 a6 17.a5 Qe8 18.Ra3 g5 19.cxd6 cxd6 20.Rb3 Bc8 21.g4 fxg3 22.hxg3 Bh3
23.g4 Bxf1 24.Kxf1 Qc8 25.Ne2 Bf6 26.Ng3 Qc4+ 27.Rd3 Bd8 28.Kg2 Nf6 29.b3 Qb5
30.Nf5 Ne8 31.b4 Rc8 32.Nc2 Qc4 33.Nce3 Qc1 34.Qxc1 Rxc1 35.Rd1 Rxd1 36.Nxd1 Rf7
37.Be1 Bf6 38.Kf1 Be7 39.Bd2 Bd8 40.Ke2 Rd7 41.Bc3 Bf6 42.Nde3 Kg8 43.Nc4 Kf7
44.Kd3 Rd8 45.Bd2 Kg6 46.Be3 Kf7 47.Bb6 Rc8 48.Ba7 Be7 49.Be3 Kf6 50.Nb6 Rc7
51.Nc4 Bf8 52.Ba7 Rd7 53.Be3 Nc7 54.Bc1 Nb5 55.Bb2 Rd8 56.Nb6 Kg6 57.Nc4 Bg7
58.Bc1 Bf6 59.Be3 h5 60.gxh5+ Kxh5 61.Bb6 Rd7 62.Nce3 Bd8 63.Ng4 Kg6 64.Be3 Bf6
65.Bb6 Bd8 66.Be3 Rh7 67.Nf2 Rh2 68.Ng3 Rh8 69.Nf5 Rf8 70.Ng4 Rh8 71.Nf2 Rh2
72.Ng3 Rg2 73.Nf5 Rg1 74.Ng4 Rb1 75.Kc4 Bf6 76.Nf2 Ra1 77.Nd3 Ra3 78.Bd2 Bd8
79.Be1 b6 80.axb6 Bxb6 81.Bd2 Ra2 82.Be1 Re2 83.Kb3 Nd4+ 84.Nxd4 Bxd4  0-1

[Event "10th Veselin Boskovic Mem"]
[Site "Beograd SRB"]
[Date "2009.10.02"]
[Round "5.1"]
[White "Milanovic,Da"]
[Black "Arsovic,G"]
[Result "1/2-1/2"]
[WhiteElo "2533"]
[BlackElo "2439"]

1.d4 Nf6 2.c4 g6 3.Nc3 Bg7 4.e4 d6 5.Be2 O-O 6.Nf3 e5 7.O-O Nc6 8.d5 Ne7
9.Ne1 Nd7 10.Be3 f5 11.f3 f4 12.Bf2 g5 13.Rc1 Ng6 14.Nd3 Nf6 15.c5 Rf7 16.a4 Bf8
17.a5 h5 18.h3 Rg7 19.a6 bxa6 20.Nb4 dxc5 21.Nxa6 Bd6 22.Nxc5 Nf8 23.Bc4 Qe7
24.Ne6 Nxe6 25.dxe6 Bxe6 26.Nd5 Nxd5 27.Bxd5 Rb8 28.b3 a5 29.Rc3 Kh8 30.Bxe6 Qxe6
31.Bc5  1/2-1/2

[Event "Highlands Open"]
[Site "Zdar nad Sazavou CZE"]
[Date "2009.10.02"]
[Round "8"]
[White "Vesely,Ja"]
[Black "Cermak,Mic2"]
[Result "1-0"]
[WhiteElo "2071"]
[BlackElo "1946"]

1.Nf3 Nf6 2.d4 g6 3.c4 Bg7 4.Nc3 O-O 5.e4 d6 6.Be2 e5 7.O-O Nc6 8.d5 Ne7
9.Ne1 Nd7 10.Nd3 f5 11.f4 Nb6 12.fxe5 Nxc4 13.exd6 Qxd6 14.Bf4 Qb6+ 15.Kh1 Nxb2
16.Nxb2 Qxb2 17.Nb5 Qxa1 18.Qxa1 Bxa1 19.Nxc7 Bg7 20.Nxa8 fxe4 21.Bc4 Kh8
22.Nc7 Bd7 23.Ne6 Rc8 24.Bb3 Bxe6 25.dxe6 Rf8 26.h4 Nf5 27.Re1 Nxh4 28.Rxe4 Nf5
29.g4 Ne7 30.Bd6 Bf6 31.Rf4 Kg7 32.Rxf6 Kxf6 33.g5+ Kxg5 34.Bxe7+ Rf6 35.Kg2 Kf5
36.Bxf6 Kxf6 37.Kf3 h5 38.Ke4 g5 39.Kd5 Ke7 40.Ke5 g4 41.Kf4 b5 42.Bd5 a5
43.Kg3 Kf6 44.Kh4 b4 45.Kxh5 g3 46.Kg4 g2 47.Bxg2 Kxe6 48.Kf4 a4 49.Ke3 Ke5
50.Be4 Kd6 51.Kd4  1-0

[Event "8th TCh-Eur w"]
[Site "Novi Sad SRB"]
[Date "2009.10.23"]
[Round "2"]
[White "Malokas,N"]
[Black "Menzi,N"]
[Result "1/2-1/2"]
[WhiteElo "1959"]
[BlackElo "1803"]

1.d4 Nf6 2.c4 g6 3.Nc3 Bg7 4.e4 d6 5.Nf3 O-O 6.Be2 e5 7.O-O Nc6 8.d5 Ne7
9.Ne1 Ne8 10.f3 f5 11.g4 f4 12.h4 h5 13.g5 Qd7 14.Rf2 Qh3 15.Rh2 Qd7 16.Nd3 c5
17.Bd2 a6 18.Na4 Qc7 19.Qe1 b5 20.Ba5 Qb7 21.Nb6 bxc4 22.Nxc4 Rb8 23.b3 Bd7
24.Rd1 Bb5 25.Ndb2 Rf7 26.Bf1 Nc8 27.Bh3 Bd7 28.Bf1 Bb5 29.Kh1 Nc7 30.a4 Bxc4
31.Bxc4 Nb6 32.Bxb6 Qxb6 33.Nd3 a5 34.Qg1 Na6 35.Rb2 Nb4 36.Nxb4 Qxb4 37.Rc2 Rfb7
38.Qf1 Qa3 39.Ra1 Qb4 40.Qh3 Re7 41.Rb1 Bf8 42.Qf1  1/2-1/2

[Event "WJun"]
[Site "Puerto Madryn ARG"]
[Date "2009.10.23"]
[Round "3"]
[White "Cuberli,E"]
[Black "Guo Yuthok,S"]
[Result "1-0"]
[WhiteElo "2161"]
[BlackElo "1966"]

1.d4 d6 2.c4 g6 3.Nc3 Bg7 4.Nf3 Nf6 5.e4 O-O 6.Be2 e5 7.O-O Nc6 8.d5 Ne7
9.Ne1 Nd7 10.Nd3 f5 11.f3 Rf7 12.Be3 f4 13.Bf2 g5 14.b4 Ng6 15.c5 Nf6 16.Nb5 Bf8
17.cxd6 cxd6 18.Nxa7 Rxa7 19.Bxa7 Nh5 20.Bf2 Nh4 21.Rc1 Rg7 22.b5 Bh3 23.gxh3 Qd7
24.Kh1 Ng3+ 25.Bxg3 fxg3 26.Rg1 gxh2 27.Kxh2  1-0

[Event "8th TCh-Eur w"]
[Site "Novi Sad SRB"]
[Date "2009.10.24"]
[Round "3"]
[White "Porat,Ma"]
[Black "Cedikova,K"]
[Result "0-1"]
[WhiteElo "2192"]
[BlackElo "2214"]

1.d4 Nf6 2.c4 g6 3.Nc3 Bg7 4.e4 d6 5.Nf3 O-O 6.Be2 e5 7.O-O Nc6 8.d5 Ne7
9.b4 a5 10.Ba3 b6 11.bxa5 Nh5 12.Re1 Nf4 13.Bf1 f5 14.Nd2 g5 15.g3 Nfg6 16.exf5 Nxf5
17.Nde4 Nd4 18.Bg2 g4 19.Re3 Bd7 20.Rd3 Rxa5 21.Bb4 Ra8 22.a4 h5 23.Nb5 h4
24.Bd2 h3 25.Bg5 Qc8 26.Bh1 Bf5 27.Ra2 Qd7 28.Bd2 Rf7 29.Bc3 Nf3+ 30.Bxf3 gxf3
31.Qxf3 Bg4 32.Qe3 Raf8 33.Qe1 Qf5 34.Bd2 Bf3 35.Nbc3 Bg2 36.a5 bxa5 37.Rxa5 Qg4
38.Bg5 Nh8 39.c5 Rf5 40.Qe3 Kh7 41.cxd6 Bxe4 42.Nxe4 Rf3 43.Qe2 Rxf2 44.Qxf2 Qxe4
45.Re3 Qg4 46.Qe2 Qxg5 47.dxc7 e4 48.Ra4 Qxd5 49.Rexe4 Qc5+ 50.Qe3 Qxc7 51.Rac4 Qb7
52.Rb4 Qd5 53.Qe2 Qc5+ 54.Qe3 Qd5 55.Qe2 Rf7 56.Rb5 Qd4+ 57.Kh1 Qxe4+  0-1

[Event "Chigorin Mem Open"]
[Site "St Petersburg RUS"]
[Date "2009.10.24"]
[Round "9"]
[White "Maevsky,N"]
[Black "Nuretdinov,I"]
[Result "1-0"]
[WhiteElo "2273"]
[BlackElo "2182"]

1.d4 Nf6 2.Nf3 g6 3.c4 Bg7 4.Nc3 d6 5.e4 O-O 6.Be2 e5 7.O-O Nc6 8.d5 Ne7
9.Ne1 Nd7 10.f3 f5 11.Be3 f4 12.Bf2 g5 13.Rc1 Rf7 14.c5 Nf6 15.cxd6 cxd6
16.Nb5 Ng6 17.Nxa7 Bd7 18.Qb3 g4 19.Bb6 Qe7 20.Rc7 gxf3 21.Bxf3 Qe8 22.Bf2 b5
23.Rb7 Rb8 24.Rxb8 Qxb8 25.a4 b4 26.Nd3 Nh4 27.Nc6 Nxf3+ 28.gxf3 Qe8 29.Ndxb4 Bh3
30.Ra1 Bf8 31.Kh1 Rg7 32.Rg1 Rxg1+ 33.Bxg1 Qg6 34.Qc2 Nxe4 35.fxe4 f3 36.Bb6 Bg2+
37.Kg1 Bh3+ 38.Kf2 Qg2+ 39.Ke1 Qf1+ 40.Kd2 f2 41.Bxf2 Qxf2+ 42.Kc3 Qe3+ 43.Qd3 Qc1+
44.Nc2 Bf1 45.Qd2 Qxd2+ 46.Kxd2 Kf7 47.Ne3 Bh6 48.Ke1 Bd3 49.Nf5 Bf8 50.Ng3 Ke8
51.Kf2 Bh6 52.Nf5 Bf4 53.Kf3 Kd7 54.h4 Kc7 55.b4 Bc2 56.a5 Bd1+ 57.Kf2 Bc2
58.b5  1-0

[Event "WJun"]
[Site "Puerto Madryn ARG"]
[Date "2009.10.25"]
[Round "5"]
[White "Jumabayev,R"]
[Black "Can,E"]
[Result "1-0"]
[WhiteElo "2548"]
[BlackElo "2455"]

1.d4 Nf6 2.c4 g6 3.Nc3 Bg7 4.e4 d6 5.Be2 O-O 6.Nf3 e5 7.O-O Nc6 8.d5 Ne7
9.Ne1 Nd7 10.f3 f5 11.g4 Nf6 12.Nd3 c5 13.Bd2 h6 14.h4 a6 15.Nf2 Bd7 16.a3 Rf7
17.b4 b6 18.Rb1 Nh7 19.Kg2 f4 20.Rh1 Nc8 21.Nd3 Bf6 22.Be1 Qf8 23.Na4 Qe8
24.Nab2 Bd8 25.Bc3 Nf6 26.Nf2 Ra7 27.Bd3 Rc7 28.Rc1 Na7 29.Bb1 Rb7 30.Bc2 Rf8
31.Ba4 Nc8 32.Bxd7 Qxd7 33.Rb1 Rf7 34.Nbd3 Qe8 35.Qc2 Rfc7 36.Qa2 Nd7 37.h5 Nf6
38.hxg6 Qxg6 39.bxc5 bxc5 40.Bxe5 dxe5 41.Nxe5 Qg5 42.Nc6 Rxb1 43.Qxb1 h5
44.Nxd8 hxg4 45.Ne6 gxf3+ 46.Kxf3 Qg3+ 47.Ke2 Ng4 48.Qg1 Qe3+ 49.Kf1 Rg7
50.Nxg7 Qc1+ 51.Kg2 f3+ 52.Kg3  1-0

[Event "17th TCh-Eur"]
[Site "Novi Sad SRB"]
[Date "2009.10.27"]
[Round "6"]
[White "Docx,S"]
[Black "Brenjo,S"]
[Result "1-0"]
[WhiteElo "2384"]
[BlackElo "2495"]

1.d4 Nf6 2.c4 g6 3.Nc3 Bg7 4.e4 d6 5.Nf3 O-O 6.Be2 e5 7.O-O Nc6 8.d5 Ne7
9.Ne1 Nd7 10.Be3 f5 11.f3 f4 12.Bf2 h5 13.Rc1 g5 14.c5 Nf6 15.cxd6 cxd6 16.Nb5 Ne8
17.Nxa7 Bd7 18.Qb3 Ng6 19.Qxb7 Rb8 20.Nc6 Bxc6 21.Qxc6 g4 22.Ba7 Rxb2 23.Rc2 Rxc2
24.Nxc2 Nh4 25.fxg4 Nf6 26.Bb6 Qb8 27.Bf2 Rc8 28.Qa4 Qb2 29.Bd1 Nxg2 30.g5 Nh7
31.Kxg2 Nxg5 32.Kh1 Qc3 33.Qd7 Qc4 34.Re1 Nxe4 35.Bh4 Nc3 36.Rg1 Qxd5+ 37.Rg2  1-0

[Event "8th TCh-Eur w"]
[Site "Novi Sad SRB"]
[Date "2009.10.30"]
[Round "9"]
[White "Pares Vives,N"]
[Black "Zawadzka,J"]
[Result "0-1"]
[WhiteElo "2282"]
[BlackElo "2414"]

1.Nf3 Nf6 2.c4 g6 3.Nc3 Bg7 4.e4 d6 5.d4 O-O 6.Be2 e5 7.O-O Nc6 8.d5 Ne7
9.b4 a5 10.bxa5 c5 11.Bd2 Rxa5 12.a4 h6 13.Rb1 Ra6 14.Qc1 Kh7 15.Nh4 Nfg8
16.g3 f5 17.exf5 Nxf5 18.Nxf5 gxf5 19.f3 Qf6 20.Qc2 Kh8 21.Bd3 Ne7 22.Rbe1 Ng6
23.Nb5 Rf7 24.Re2 Bd7 25.a5 Ra8 26.Bc3 Qe7 27.Qc1 Rg8 28.Kh1 h5 29.Rfe1 Bf6
30.Qb1 Bg5 31.Qb2 h4 32.Na3 Be8 33.Rg2 Bf6 34.Nc2 hxg3 35.hxg3 Rh7+ 36.Kg1 Nf4
37.Bf1 Nh3+ 38.Kh1 Ng5+ 39.Kg1 Nxf3+ 40.Kf2 Nxe1 41.Nxe1 Rg6 42.Nf3 Qg7 43.Qb6 Qe7
44.Qb2 Kg8 45.Nh2 Rhg7 46.Nf3 f4  0-1

[Event "Open"]
[Site "Liberec CZE"]
[Date "2009.10.31"]
[Round "9"]
[White "Grabliauskas,V"]
[Black "Ni,V"]
[Result "1-0"]
[WhiteElo "2426"]
[BlackElo "2188"]

1.d4 Nf6 2.c4 g6 3.Nc3 Bg7 4.e4 d6 5.Nf3 O-O 6.Be2 e5 7.O-O Nc6 8.d5 Ne7
9.Ne1 Nd7 10.Be3 f5 11.f3 f4 12.Bf2 g5 13.Rc1 a6 14.Nd3 Nf6 15.c5 Kh8 16.Be1 Rg8
17.b4 Ng6 18.cxd6 cxd6 19.a4 Bf8 20.a5 Bd7 21.Nf2 h5 22.h3 Nh4 23.Na4 g4
24.hxg4 hxg4 25.fxg4 Bh6 26.Rc3 Nh5 27.Nb6 Ng3 28.Nxa8 Ba4 29.Qd2 Qf6 30.Rxg3 fxg3
31.Qd3 Rxa8 32.Nh3 Qe7 33.Qxg3 Ng6 34.g5 Nf4 35.Rxf4 exf4 36.Qh4 Qxe4 37.Qxh6+ Kg8
38.g6 Qd4+ 39.Bf2 Qg7 40.Qxg7+ Kxg7 41.Nxf4 Rc8 42.Bd4+  1-0

[Event "13th OIBM"]
[Site "Bad Wiessee GER"]
[Date "2009.11.01"]
[Round "2"]
[White "Kranewitter,N"]
[Black "Weber,U"]
[Result "0-1"]
[WhiteElo "2106"]
[BlackElo "2407"]

1.Nf3 Nf6 2.d4 g6 3.c4 Bg7 4.Nc3 O-O 5.e4 d6 6.Be2 e5 7.O-O Nc6 8.d5 Ne7
9.b4 Nh5 10.Re1 a5 11.bxa5 Nf4 12.Bf1 c5 13.h3 Nh5 14.Rb1 Rxa5 15.Qb3 Ra6
16.Na4 Bd7 17.Nb6 Be8 18.Be3 h6 19.Nd2 f5 20.f3 f4 21.Bf2 g5 22.Be2 Ng6 23.Nf1 Bf6
24.Rb2 Qb8 25.Reb1 Bd8 26.Qc2 Bc7 27.Rb3 Qd8 28.Qb2 Nf6 29.Be1 h5 30.Nh2 Rf7
31.a4 Rh7 32.a5 Ne7 33.Qc2 Rg7 34.Bd1 Ra7 35.Qe2 Nc8 36.Nxc8 Qxc8 37.Ra3 Qa8
38.Rba1 Ra6 39.Bc3 Bd7 40.Qc2 Qc8 41.Rb3 Qa8 42.Rba3 Kh8 43.Qe2 Qg8 44.Qd3 Qh7
45.R1a2 Rg8 46.Rb3 b6 47.Rba3 Rga8 48.Qd2 bxa5 49.Bxa5 Bc8 50.Bxc7 Qxc7 51.Rxa6 Rxa6
52.Rxa6 Bxa6 53.Qa2 Qb6 54.Qb3 Qb4 55.Qxb4 cxb4 56.Bb3 Nd7 57.Nf1 Nc5 58.Ba2 b3
59.Bb1 Bxc4 60.Nd2 Bb5 61.Kf2 Kg7 62.Ke1 Kf6 63.Kd1 Ke7 64.Kc1 Kd7 65.Kb2 Kc7
66.Kc3 Kb6 67.Kb4 Be2  0-1

[Event "13th OIBM"]
[Site "Bad Wiessee GER"]
[Date "2009.11.01"]
[Round "2"]
[White "Bykhovsky,An ISR"]
[Black "Rau,J"]
[Result "1-0"]
[WhiteElo "2474"]
[BlackElo "2141"]

1.d4 Nf6 2.c4 g6 3.Nc3 Bg7 4.e4 d6 5.Nf3 O-O 6.Be2 e5 7.O-O Nc6 8.d5 Ne7
9.b4 a5 10.bxa5 Rxa5 11.Nd2 b6 12.Nb3 Ra8 13.a4 Nd7 14.a5 bxa5 15.Nxa5 Nb6
16.c5 dxc5 17.Be3 Bd7 18.Bxc5 Re8 19.Qd2 f5 20.Nb5 fxe4 21.d6 Bxb5 22.Bxb5 cxd6
23.Bxb6 Qxb6 24.Bxe8 Rxe8 25.Nc4 Qc6 26.Nxd6 Rf8 27.Qa2+ Qd5 28.Nxe4 Qxa2
29.Rxa2  1-0

[Event "13th OIBM"]
[Site "Bad Wiessee GER"]
[Date "2009.11.02"]
[Round "4"]
[White "Gruettner,R"]
[Black "Raykhman,A"]
[Result "0-1"]
[WhiteElo "2102"]
[BlackElo "2274"]

1.d4 Nf6 2.c4 g6 3.Nc3 Bg7 4.e4 d6 5.Nf3 O-O 6.Be2 e5 7.O-O Nc6 8.d5 Ne7
9.Ne1 Nd7 10.Be3 f5 11.f3 f4 12.Bf2 g5 13.Nd3 Nf6 14.c5 Ng6 15.Rc1 Rf7 16.cxd6 cxd6
17.Nb5 g4 18.Qd2 g3 19.hxg3 fxg3 20.Bxg3 a6 21.Nc3 Nh5 22.Bf2 Ngf4 23.Nxf4 Nxf4
24.Be3 Bh6 25.Nd1 Rg7 26.g4 Qh4 27.Qe1 Nxe2+ 28.Qxe2 Bxg4 29.Bxh6 Bxf3+ 30.Bxg7 Qg3+  0-1

[Event "TCh-AUT 2009-10"]
[Site "Jenbach AUT"]
[Date "2009.11.06"]
[Round "1"]
[White "Eljanov,P"]
[Black "Maiwald,JU"]
[Result "1-0"]
[WhiteElo "2729"]
[BlackElo "2474"]

1.d4 Nf6 2.c4 g6 3.Nc3 Bg7 4.e4 d6 5.Nf3 O-O 6.Be2 e5 7.O-O Nc6 8.d5 Ne7
9.b4 Ne8 10.a4 f5 11.Nd2 Nf6 12.a5 Rf7 13.c5 Kh8 14.f3 f4 15.Ba3 g5 16.b5 dxc5
17.Bxc5 Ng6 18.Nc4 Bf8 19.Bxf8 Qxf8 20.b6 g4 21.fxg4 Bxg4 22.Bxg4 Qc5+ 23.Kh1 Qxc4
24.Be6 Rg7 25.bxc7 Qxc7 26.Qe1 a6 27.Na4 Qe7 28.Nb6 Rf8 29.Rd1 Nh5 30.Bh3 Qd6
31.Nc4 Qc5 32.Rc1 Qd4 33.Nd6 Qb2 34.Qc3  1-0

[Event "TCh-AUT 2009-10"]
[Site "Jenbach AUT"]
[Date "2009.11.08"]
[Round "3"]
[White "Gyimesi,Z"]
[Black "Hagara,E"]
[Result "1-0"]
[WhiteElo "2584"]
[BlackElo "2383"]

1.d4 Nf6 2.c4 g6 3.Nc3 Bg7 4.e4 d6 5.Nf3 O-O 6.Be2 e5 7.O-O Nc6 8.d5 Ne7
9.b4 Nh5 10.Re1 f5 11.Ng5 Nf6 12.f3 Kh8 13.c5 h6 14.Ne6 Bxe6 15.dxe6 d5 16.exd5 Nfxd5
17.Nxd5 Qxd5 18.Qb3 Qxb3 19.axb3 Nc6 20.Ra4 a6 21.Bb2 Rae8 22.Bc4 Re7 23.Bd5 Rd8
24.Bxc6 bxc6 25.Bxe5 Bxe5 26.Rxe5 Rd3 27.Rxa6 Rxb3 28.Rxc6 Kg7 29.Rxc7 Rxc7
30.e7 Rc8 31.e8=Q Rxe8 32.Rxe8 Rxb4 33.c6 Rc4 34.Re6 Rc2 35.h4 Rd2 36.Kf1 Kf7
37.Re2 Rd1+ 38.Re1 Rd8 39.c7 Rc8 40.Rc1 g5 41.Rc6  1-0

[Event "Waling Dijkstra GpA"]
[Site "Leeuwarden NED"]
[Date "2009.11.14"]
[Round "3"]
[White "Lalic,B"]
[Black "Vovk,Y"]
[Result "1/2-1/2"]
[WhiteElo "2503"]
[BlackElo "2546"]

1.d4 Nf6 2.c4 g6 3.Nc3 Bg7 4.e4 d6 5.Nf3 O-O 6.Be2 e5 7.O-O Nc6 8.d5 Ne7
9.b4 Nh5 10.Re1 a5 11.Ba3 axb4 12.Bxb4 Nf4 13.c5 f5 14.cxd6 cxd6 15.Nd2 fxe4
16.Ndxe4 Nf5 17.Bf1 Nh5 18.Nb5 Ra6 19.Rc1 Rxa2 20.Qb3 Ra6 21.Rxc8 Qxc8 22.Nbxd6 Nxd6
23.Nxd6 Qg4 24.Bxa6 bxa6 25.h3 Qd4 26.Ne4 Rb8 27.d6+ Kh8 28.Bc3 Qxd6 29.Qc4  1/2-1/2

[Event "FSIM November"]
[Site "Budapest HUN"]
[Date "2009.11.16"]
[Round "10"]
[White "Toth,E"]
[Black "Kislik,E"]
[Result "1/2-1/2"]
[WhiteElo "2388"]
[BlackElo "2349"]

1.d4 Nf6 2.c4 g6 3.Nf3 Bg7 4.Nc3 O-O 5.e4 d6 6.Be2 e5 7.O-O Nc6 8.d5 Ne7
9.Bg5 h6 10.Bxf6 Bxf6 11.b4 a5 12.a3 Bg7 13.Nd2 f5 14.Bd3 c6 15.Nb3 cxd5
16.cxd5 axb4 17.axb4 Rxa1 18.Qxa1 fxe4 19.Bxe4 Bf5 20.Nd2 Qb6 21.Qa4 Qd4
22.Bxf5 gxf5 23.Ndb1 e4 24.Qd7 Qe5 25.Qxb7 f4 26.Qb5 Nf5 27.Qc4 e3 28.f3 Qd4
29.Qxd4 Bxd4 30.Ne2 Rb8 31.Rd1 Rxb4 32.Kf1 Be5 33.Na3 Ra4 34.Nb1 Ra2 35.Rc1 Kg7
36.Nbc3 Rd2 37.Ne4 Rxd5 38.g3 fxg3 39.hxg3 Ra5 40.f4 Bb2 41.Rc7+ Kf8 42.Rc2 Ra1+
43.Kg2 d5 44.Rxb2 dxe4 45.g4 Nd6 46.Rc2 Rd1 47.Rc3 Rd3 48.Kg3 Nb5 49.Rc5 Na3
50.Re5 Rd2 51.Nc3 e2  1/2-1/2

[Event "TCh-NED 2009-10"]
[Site "Netherlands NED"]
[Date "2009.11.21"]
[Round "3"]
[White "Van der Stricht,G"]
[Black "Solleveld,Maa"]
[Result "0-1"]
[WhiteElo "2393"]
[BlackElo "2489"]

1.d4 Nf6 2.c4 g6 3.Nc3 Bg7 4.e4 d6 5.Be2 O-O 6.Nf3 e5 7.O-O Nc6 8.d5 Ne7
9.b4 a5 10.Ba3 axb4 11.Bxb4 b6 12.a4 Ne8 13.Nb5 f5 14.Nd2 Bh6 15.Bf3 Nf6
16.a5 Bxd2 17.Qxd2 fxe4 18.Be2 Nf5 19.axb6 Rxa1 20.Rxa1 cxb6 21.Ra8 e3 22.fxe3 Ne4
23.Qe1 Nxe3 24.Bd3 Nxg2 25.Qxe4 Qg5 26.Kh1 Nh4 27.Nxd6 Nf3 28.Ra1 Qh5 29.Qe2 Bg4
30.Ne4 Ng5 31.Bxf8 Bf3+ 32.Kg1 Nh3+ 33.Kf1 Bxe2+ 34.Ke1 Kxf8 35.Ra8+ Kg7
36.Ra7+ Kh6 37.Rxh7+ Kxh7 38.Nf6+ Kg7 39.Nxh5+ Bxh5 40.d6  0-1

[Event "Open"]
[Site "Figueira da Foz POR"]
[Date "2009.11.30"]
[Round "2"]
[White "Carapeto,R"]
[Black "Andias,J"]
[Result "1-0"]
[WhiteElo "1894"]
[BlackElo "1711"]

1.d4 Nf6 2.c4 g6 3.Nc3 Bg7 4.e4 d6 5.Nf3 O-O 6.Be2 e5 7.O-O Nc6 8.d5 Ne7
9.b4 Nd7 10.Be3 h6 11.Ne1 f5 12.f3 f4 13.Bf2 g5 14.Rc1 Nf6 15.c5 Rf7 16.cxd6 cxd6
17.Nb5 Ne8 18.Nxa7 Rxa7 19.Bxa7 Bf8 20.Qa4 Nf6 21.Qa5 Qe8 22.Bb5 Bd7 23.Bxd7 Nxd7
24.Rc7 Nf6 25.Rxb7 Rg7 26.Rb8 Qh5 27.Qd8 Nh7 28.Qxd6 g4 29.Qe6+ Kh8 30.fxg4 Qxg4
31.Qxg4 Rxg4 32.d6 Nc6 33.d7 Rg7 34.b5 Rxd7 35.bxc6 Rxa7 36.Nf3 Re7 37.Rc1 Rc7
38.Rb7 Bd6 39.Nh4 Nf6 40.Nf5 Rxb7  1-0

[Event "ch-RSA"]
[Site "Cape Town RSA"]
[Date "2009.12.02"]
[Round "7"]
[White "Ophoff,J"]
[Black "Van der Nat,N"]
[Result "0-1"]
[WhiteElo "2273"]
[BlackElo "2272"]

1.d4 Nf6 2.c4 g6 3.Nc3 Bg7 4.e4 d6 5.Nf3 O-O 6.Be2 e5 7.O-O Nc6 8.d5 Ne7
9.b4 a5 10.Ba3 axb4 11.Bxb4 Nd7 12.a4 Kh8 13.Re1 Ng8 14.Nb5 f5 15.exf5 gxf5
16.Ng5 Nc5 17.Bxc5 dxc5 18.Ne6 Bxe6 19.dxe6 e4 20.Ra3 Be5 21.Bh5 c6 22.Nc3 Qf6
23.Ne2 Qxe6 24.Ng3 Qxc4 25.Qd7 Qd4 26.Qe6 Qd5 27.Qxd5 cxd5 28.Rb1 f4 29.Nf1 Nf6
30.Bd1 Rf7 31.Rb5 Bd4 32.g3 Rg8 33.Kg2 f3+  0-1

[Event "Podgaets Memorial Blitz"]
[Site "Odessa UKR"]
[Date "2009.12.03"]
[Round "10"]
[White "Tukmakov,V"]
[Black "Golubev,M"]
[Result "1-0"]
[WhiteElo "2547"]
[BlackElo "2492"]

1.d4 Nf6 2.c4 g6 3.Nc3 Bg7 4.e4 d6 5.Nf3 O-O 6.Be2 e5 7.O-O Nc6 8.d5 Ne7
9.Qc2 Nd7 10.Rd1 a5 11.a3 h6 12.Rb1 f5 13.b4 axb4 14.axb4 f4 15.c5 Nf6 16.Nd2 g5
17.Nc4 g4 18.Bf1 h5 19.Bb2 g3 20.fxg3 fxg3 21.hxg3 h4 22.gxh4 Ng6 23.Nb5 Ng4
24.g3 Rf2 25.Rd2 Rf3 26.Rg2 Nxh4 27.Be2 Nxg2 28.Bxf3 N2e3 29.Nxe3 Nxe3 30.Qf2 Ng4
31.Qe2 Qg5 32.Bc1 Qg6 33.Nxc7  1-0

[Event "ch-IND National A"]
[Site "Mumbai IND"]
[Date "2009.12.04"]
[Round "4"]
[White "Thejkumar,M"]
[Black "Thipsay,P"]
[Result "1/2-1/2"]
[WhiteElo "2453"]
[BlackElo "2466"]

1.d4 Nf6 2.Nf3 g6 3.c4 Bg7 4.Nc3 O-O 5.e4 d6 6.Be2 e5 7.O-O Nc6 8.d5 Ne7
9.b4 Ne8 10.c5 h6 11.a4 f5 12.Nd2 Rf7 13.Ba3 Bf8 14.Nc4 fxe4 15.Nxe4 Nf5
16.Bb2 Bg7 17.Bd3 Nf6 18.Nxf6+ Bxf6 19.Qc2 Bg7 20.Rae1 Nh4 21.Re3 Bf5 22.Rg3 g5
23.Nd2 dxc5 24.Qxc5 Bxd3 25.Rxd3 e4 26.Rb3 Bxb2 27.Rxb2 Qf6 28.Rb3 Qf4 29.Qe3 Rd8
30.Nxe4 Rxd5 31.Qxf4 Rxf4 32.Re1 Rd4 33.f3 g4 34.Nf2 gxf3 35.g3 Ng2 36.Re8+ Kf7
37.Rc8 Rxb4 38.Rxc7+ Kg6 39.Rxb7 Rxb7 40.Rxb7 Rxa4 41.Nd3 Ne3 42.Kf2 Ng4+
43.Kxf3 Nxh2+ 44.Ke3 Ng4+ 45.Kf3 Nh2+ 46.Ke3 Ra3 47.Ke4 Ra4+ 48.Ke3 Nf1+
49.Kf2 Nd2 50.Rb5 Ne4+ 51.Kg2 Ra3 52.Nf4+ Kf7 53.Rf5+ Kg7 54.Nh5+ Kg6 55.g4 Ra2+
56.Kf3 Ng5+ 57.Kg3 Ra3+ 58.Kg2 Ra4 59.Kg3 Ne4+ 60.Kf3 a5 61.Nf4+ Kh7 62.Ne6 Nd2+
63.Kg3 Ra1 64.Rd5 Ra3+ 65.Kh4 Nf3+ 66.Kh5 Ne5 67.Ng5+ hxg5 68.Rxe5 a4 69.Kxg5 Rf3
70.Re7+ Kg8 71.Ra7 Rb3 72.Rxa4 Rb5+ 73.Kg6 Rb6+ 74.Kh5 Rb5+ 75.g5 Rb6 76.Ra7 Rc6  1/2-1/2

[Event "Open"]
[Site "Figueira da Foz POR"]
[Date "2009.12.05"]
[Round "8"]
[White "Aguiar,H"]
[Black "Felicio,F"]
[Result "1-0"]
[WhiteElo "1710"]
[BlackElo "1916"]

1.d4 Nf6 2.c4 g6 3.Nc3 Bg7 4.e4 d6 5.Be2 O-O 6.Nf3 e5 7.O-O Nc6 8.d5 Ne7
9.Be3 Ng4 10.Bc1 f5 11.Nd2 Nf6 12.f3 f4 13.b3 g5 14.Ba3 Rf7 15.c5 Bf8 16.Nc4 Ng6
17.cxd6 cxd6 18.Rc1 h5 19.Nb5 Ne8 20.Bb4 Rg7 21.h3 Qd7 22.a4 Nh4 23.Rf2 Rg6
24.Rc2 Qg7 25.Qc1 g4 26.hxg4 hxg4 27.Nbxd6 Nxd6 28.Bxd6 g3 29.Rf1 Nf5 30.Bd3 Qh6
31.Re1 Qh2+ 32.Kf1 Nd4  1-0

[Event "FSIM December"]
[Site "Budapest HUN"]
[Date "2009.12.07"]
[Round "3"]
[White "Toth,E"]
[Black "Chan,Mark"]
[Result "1-0"]
[WhiteElo "2388"]
[BlackElo "2286"]

1.d4 Nf6 2.c4 g6 3.Nc3 Bg7 4.e4 d6 5.Be2 O-O 6.Nf3 e5 7.O-O Nc6 8.d5 Ne7
9.Bg5 Nh5 10.Ne1 Nf4 11.Nd3 Nxe2+ 12.Qxe2 h6 13.Be3 g5 14.c5 Ng6 15.Rfc1 Nf4
16.Qd2 f5 17.f3 Nxd3 18.Qxd3 f4 19.Bf2 Rf7 20.cxd6 cxd6 21.Rc2 g4 22.Nb5 g3
23.hxg3 fxg3 24.Bxg3 a6 25.Nc3 Qg5 26.Kf2 Bf6 27.Rh1 Rg7 28.Ne2 h5 29.Qa3 Be7
30.Rc7 Qg6 31.Qc3 Qe8 32.Bh4 Bd7 33.Bxe7 Rxe7 34.Ng3 Rh7 35.Nxh5 Rxh5 36.Rxh5 Qxh5
37.Rxd7 Qh4+ 38.Kg1 Qh6 39.Rxb7 Rf8 40.Rc7 Qg5 41.Rc8 Rd8 42.b4 Kf7 43.Qc7+ Kg6
44.Qxd8 Qe3+ 45.Kh2 Qh6+ 46.Kg3 Qf4+ 47.Kh3  1-0

[Event "New Years All-Ukrainian Open"]
[Site "Poltava UKR"]
[Date "2009.12.09"]
[Round "7"]
[White "Chumachenko,Alexander"]
[Black "Boroday,S"]
[Result "0-1"]
[WhiteElo "2106"]
[BlackElo "2362"]

1.d4 Nf6 2.c4 g6 3.Nc3 Bg7 4.e4 d6 5.Nf3 O-O 6.Be2 e5 7.O-O Nc6 8.d5 Ne7
9.b4 a5 10.Ba3 Nd7 11.bxa5 Rxa5 12.Bb4 Ra8 13.a4 Bh6 14.Nd2 f5 15.a5 Nf6
16.Bd3 c5 17.dxc6 Nxc6 18.Ba3 Be6 19.Nb5 Ne8 20.Nb3 Nxa5 21.Nxa5 Rxa5 22.Rb1 Rf7
23.Qc2 Bf8 24.Rbd1 Qc8 25.Qc3 Rxb5 26.exf5 gxf5 27.f4 e4 28.Be2 Rb6 29.Bh5 Rc7
30.Qg3+ Ng7 31.c5 Rb3 32.cxd6 Rxg3 33.dxc7 Rxa3  0-1

[Event "New Years All-Ukrainian Open"]
[Site "Poltava UKR"]
[Date "2009.12.10"]
[Round "8"]
[White "Kovalenko,I"]
[Black "Solovchuk,A"]
[Result "0-1"]
[WhiteElo "2507"]
[BlackElo "2294"]

1.e4 g6 2.d4 Bg7 3.Nf3 d6 4.c4 Nf6 5.Nc3 O-O 6.Be2 e5 7.O-O Nc6 8.d5 Ne7
9.b4 a5 10.bxa5 c5 11.Nd2 Rxa5 12.a4 Ne8 13.Ra3 Ra6 14.Nb5 Kh8 15.Bb2 Ng8
16.f4 exf4 17.Bxg7+ Kxg7 18.Rxf4 Qe7 19.Qa1+ f6 20.h4 Nh6 21.g4 Kg8 22.g5 fxg5
23.Rxf8+ Qxf8 24.hxg5 Nf7 25.Nf3 Qe7 26.e5 dxe5 27.Re3 e4 28.Kh1 Bf5 29.Qg1 Ned6
30.Nh4 Qxg5 31.Qxg5 Nxg5 32.Nxd6 Rxd6 33.Rg3 h6 34.Rb3 b6 35.Ra3 Kg7 36.a5 bxa5
37.Rxa5 Kf6 38.Rxc5 Ke5 39.Ng2 Ra6 40.Kg1 Ra2 41.Kf1 Bh3 42.Rc6 Bxg2+ 43.Kxg2 Rxe2+
44.Kg3 Kf5 45.d6 Ne6 46.Rc7 Rd2 47.c5 Nf4 48.Rf7+ Kg5  0-1

[Event "Commonwealth Open"]
[Site "Singapore SIN"]
[Date "2009.12.11"]
[Round "3"]
[White "Solomons,A"]
[Black "Lazarus,Be"]
[Result "0-1"]
[WhiteElo "1954"]
[BlackElo "2168"]

1.d4 Nf6 2.c4 g6 3.Nc3 Bg7 4.e4 d6 5.Nf3 O-O 6.Be2 e5 7.O-O Nc6 8.d5 Ne7
9.b4 Nh5 10.Re1 f5 11.Ng5 Nf6 12.Ne6 Bxe6 13.dxe6 fxe4 14.Bg5 h6 15.Bxf6 Rxf6
16.Nxe4 Rf4 17.Qc2 Nc6 18.g3 Nd4 19.Qd3 Rf8 20.Rad1 Qe7 21.Nd2 Qxe6 22.Nf3 Nxe2+
23.Rxe2 Qf7 24.Nd2 Rad8 25.Qe3 a6 26.Qe4 c6 27.Nb3 d5 28.cxd5 cxd5 29.Qe3 Rfe8
30.Qb6 Rd7 31.Nc5 Rde7 32.Red2 d4 33.Ne4 Re6 34.Qc5 Rc6 35.Qa5 Rec8 36.b5 axb5
37.Qxb5 Kh7 38.Kg2 Qc7 39.Rb2 b6 40.a4 Qb7 41.a5 Rc5  0-1